[Event "OeISM Blitz U10 B"]
[Site "austriaU10b"]
[Date "2020.12.11"]
[Round "1"]
[White "Lukas-2010"]
[Black "Daniel195"]
[Result "1-0"]
[WhiteElo "1856"]
[BlackElo "1615"]
[Annotator "NA RC"]
[PlyCount "95"]
[EventDate "2020.12.11"]
[EventType "blitz"]
[TimeControl "180+2"]

1. e4 {[%emt 0:00:10]} e5 {[%emt 0:00:02]} 2. Nf3 {[%emt 0:00:01]} Nf6 {[%emt 0:00:02]} 3. d4 {[%emt 0:00:01]} Nxe4 {[%emt 0:00:05]} 4. dxe5 {[%emt 0:00:02]} Be7 {[%emt 0:00:04]} 5. Bd3 {[%emt 0:00:03]} Nc5 {[%emt 0:00:02]} 6. O-O {[%emt 0:00:01]} Nxd3 {[%emt 0:00:02]} 7. Qxd3 {[%emt 0:00:00]} O-O {[%emt 0:00:04]} 8. Nc3 {[%emt 0:00:01]} Nc6 {[%emt 0:00:02]} 9. Nd5 {[%emt 0:00:02]} d6 {[%emt 0:00:02]} 10. Nxe7+ {[%emt 0:00:07]} Qxe7 {[%emt 0:00:05]} 11. Bg5 {[%emt 0:00:02]} Qd7 {[%emt 0:00:12]} 12. exd6 {[%emt 0:00:01]} Qxd6 {[%emt 0:00:02]} 13. Qxd6 {[%emt 0:00:02]} cxd6 {[%emt 0:00:02]} 14. Rad1 {[%emt 0:00:00]} h6 {[%emt 0:00:06]} 15. Bf4 {[%emt 0:00:02]} d5 {[%emt 0:00:04]} 16. Rxd5 {[%emt 0:00:03]} Be6 {[%emt 0:00:04]} 17. Rdd1 {[%emt 0:00:01]} Rad8 {[%emt 0:00:03]} 18. a3 {[%emt 0:00:05]} Bg4 {[%emt 0:00:07]} 19. c3 {[%emt 0:00:11]} Bxf3 {[%emt 0:00:04]} 20. gxf3 {[%emt 0:00:01]} g5 {[%emt 0:00:08]} 21. Bg3 {[%emt 0:00:02]} f5 {[%emt 0:00:03]} 22. Bc7 {[%emt 0:00:05]} Rc8 {[%emt 0:00:03]} 23. Bd6 {[%emt 0:00:10]} Rfd8 {[%emt 0:00:06]} 24. f4 {[%emt 0:00:02]} g4 {[%emt 0:00:05]} 25. Be5 {[%emt 0:00:11]} Nxe5 {[%emt 0:00:09]} 26. fxe5 {[%emt 0:00:00]} Kf7 {[%emt 0:00:05]} 27. f4 {[%emt 0:00:39]} gxf3 {[%emt 0:00:05]} 28. Rd4 {[%emt 0:00:09]} Rxd4 {[%emt 0:00:05]} 29. cxd4 {[%emt 0:00:00]} Rc2 {[%emt 0:00:02]} 30. Rxf3 {[%emt 0:00:01]} Rxb2 {[%emt 0:00:02]} 31. Rxf5+ {[%emt 0:00:01]} Ke6 {[%emt 0:00:02]} 32. Rf6+ {[%emt 0:00:01]} Kd5 {[%emt 0:00:01]} 33. Rd6+ {[%emt 0:00:02]} Ke4 {[%emt 0:00:03]} 34. h4 {[%emt 0:00:09]} Kf3 {[%emt 0:00:04]} 35. Rf6+ {[%emt 0:00:05]} Kg3 {[%emt 0:00:02]} 36. Rg6+ {[%emt 0:00:02]} Kf3 {[%emt 0:00:03]} 37. e6 {[%emt 0:00:04]} Rb1+ {[%emt 0:00:02]} 38. Kh2 {[%emt 0:00:01]} Rb2+ {[%emt 0:00:06]} 39. Kh3 {[%emt 0:00:01]} Rb1 {[%emt 0:00:08]} 40. Rf6+ {[%emt 0:00:01]} Ke3 {[%emt 0:00:02]} 41. e7 {[%emt 0:00:02]} Rh1+ {[%emt 0:00:07]} 42. Kg2 {[%emt 0:00:01]} Rxh4 {[%emt 0:00:04]} 43. e8=Q+ {[%emt 0:00:02]} Re4 {[%emt 0:00:04]} 44. Rf3+ {[%emt 0:00:03]} Kd2 {[%emt 0:00:03]} 45. Qxe4 {[%emt 0:00:02]} Kd1 {[%emt 0:00:03]} 46. Rf2 {[%emt 0:00:02]} Kc1 {[%emt 0:00:02]} 47. Qe2 {[%emt 0:00:00]} Kb1 {[%emt 0:00:02]} 48. Qe1# {[%emt 0:00:00] Mate Mate} 1-0

[Event "OeISM Blitz U10 B"]
[Site "austriaU10b"]
[Date "2020.12.11"]
[Round "2"]
[White "Philip2010"]
[Black "Chessroman"]
[Result "1-0"]
[WhiteElo "1807"]
[BlackElo "1479"]
[Annotator "NA RC"]
[PlyCount "35"]
[EventDate "2020.12.11"]
[EventType "blitz"]

1. d4 {[%emt 0:00:47]} d5 {[%emt 0:00:04]} 2. Bf4 {[%emt 0:00:04]} Nf6 {[%emt 0:00:12]} 3. e3 {[%emt 0:00:02]} a6 {[%emt 0:00:05]} 4. Nd2 {[%emt 0:00:03]} Bf5 {[%emt 0:00:03]} 5. Bd3 {[%emt 0:00:02]} Bxd3 {[%emt 0:00:06]} 6. cxd3 {[%emt 0:00:01]} e6 {[%emt 0:00:02]} 7. Ngf3 {[%emt 0:00:03]} Nc6 {[%emt 0:00:17]} 8. O-O {[%emt 0:00:04]} Bd6 {[%emt 0:00:02]} 9. Bg3 {[%emt 0:00:04]} Bxg3 {[%emt 0:00:03]} 10. hxg3 {[%emt 0:00:01]} Qd6 {[%emt 0:00:08]} 11. Rc1 {[%emt 0:00:06]} h5 {[%emt 0:00:10]} 12. Nb3 {[%emt 0:00:09]} Ng4 {[%emt 0:00:09]} 13. Re1 {[%emt 0:00:47]} b6 {[%emt 0:00:20]} 14. Qc2 {[%emt 0:00:17]} Kd7 {[%emt 0:00:16]} 15. e4 {[%emt 0:00:18]} Rae8 {[%emt 0:00:13]} 16. e5 {[%emt 0:00:05]} Ncxe5 {[%emt 0:00:17]} 17. dxe5 {[%emt 0:00:03]} Qe7 {[%emt 0:00:19]} 18. Qxc7# {[%emt 0:00:03] Mate Mate} 1-0

[Event "OeISM Blitz U10 B"]
[Site "austriaU10b"]
[Date "2020.12.11"]
[Round "2"]
[White "Mattfried"]
[Black "Mightimix"]
[Result "1-0"]
[WhiteElo "1639"]
[BlackElo "1631"]
[Annotator "NA RC"]
[PlyCount "147"]
[EventDate "2020.12.11"]
[EventType "blitz"]

1. e4 {[%emt 0:00:04] Mightimix reconnected.} e5 {[%emt 0:02:11]} 2. Nf3 {[%emt 0:00:11]} Nc6 {[%emt 0:00:02]} 3. d4 {[%emt 0:00:02]} exd4 {[%emt 0:00:03]} 4. Bc4 {[%emt 0:00:01]} Bc5 {[%emt 0:00:03]} 5. c3 {[%emt 0:00:04]} dxc3 {[%emt 0:00:07]} 6. O-O {[%emt 0:00:04]} d6 {[%emt 0:00:05]} 7. Ng5 {[%emt 0:00:12]} Nh6 {[%emt 0:00:05]} 8. Nf3 {[%emt 0:00:16]} Ng4 {[%emt 0:00:08]} 9. Nxc3 {[%emt 0:00:07]} O-O {[%emt 0:00:03]} 10. h3 {[%emt 0:00:03]} Nge5 {[%emt 0:00:03]} 11. Bb3 {[%emt 0:00:09]} a6 {[%emt 0:00:03]} 12. Bf4 {[%emt 0:00:15]} Kh8 {[%emt 0:00:12]} 13. Nxe5 {[%emt 0:00:28]} Nxe5 {[%emt 0:00:01]} 14. Bxe5 {[%emt 0:00:06]} dxe5 {[%emt 0:00:00]} 15. Qxd8 {[%emt 0:00:06]} Rxd8 {[%emt 0:00:00]} 16. Bxf7 {[%emt 0:00:02]} Rf8 {[%emt 0:00:01]} 17. Bd5 {[%emt 0:00:05]} c6 {[%emt 0:00:01]} 18. Bb3 {[%emt 0:00:03]} Bd4 {[%emt 0:00:01]} 19. Rab1 {[%emt 0:00:10]} b5 {[%emt 0:00:01]} 20. Ne2 {[%emt 0:00:03]} Bb6 {[%emt 0:00:02]} 21. Ng3 {[%emt 0:00:02]} Bb7 {[%emt 0:00:02]} 22. Rbd1 {[%emt 0:00:05]} Rad8 {[%emt 0:00:02]} 23. Be6 {[%emt 0:00:07]} c5 {[%emt 0:00:02]} 24. Rxd8 {[%emt 0:00:08]} Rxd8 {[%emt 0:00:02]} 25. Nf5 {[%emt 0:00:03]} Bxe4 {[%emt 0:00:06]} 26. f3 {[%emt 0:00:08]} Bd3 {[%emt 0:00:01]} 27. Rd1 {[%emt 0:00:11]} c4+ {[%emt 0:00:01]} 28. Kh1 {[%emt 0:00:04]} Re8 {[%emt 0:00:01]} 29. Bd7 {[%emt 0:00:05]} Re7 {[%emt 0:00:01]} 30. Nxe7 {[%emt 0:00:02]} Bc5 {[%emt 0:00:03]} 31. Nd5 {[%emt 0:00:03]} e4 {[%emt 0:00:02]} 32. fxe4 {[%emt 0:00:02]} Bxe4 {[%emt 0:00:00]} 33. Nf4 {[%emt 0:00:03]} Bd3 {[%emt 0:00:01]} 34. Nxd3 {[%emt 0:00:03]} cxd3 {[%emt 0:00:00]} 35. Rxd3 {[%emt 0:00:01]} h6 {[%emt 0:00:01]} 36. Bf5 {[%emt 0:00:01]} g5 {[%emt 0:00:02]} 37. Rd8+ {[%emt 0:00:02]} Kg7 {[%emt 0:00:01]} 38. Ra8 {[%emt 0:00:07]} Kf6 {[%emt 0:00:02]} 39. Bc2 {[%emt 0:00:04]} Bd4 {[%emt 0:00:03]} 40. Rxa6+ {[%emt 0:00:02]} Ke5 {[%emt 0:00:01]} 41. b3 {[%emt 0:00:04]} h5 {[%emt 0:00:04]} 42. Rg6 {[%emt 0:00:04]} Kf4 {[%emt 0:00:02]} 43. Rh6 {[%emt 0:00:04]} h4 {[%emt 0:00:02]} 44. Rh7 {[%emt 0:00:03]} b4 {[%emt 0:00:01]} 45. Rf7+ {[%emt 0:00:03]} Ke3 {[%emt 0:00:02]} 46. Rf3+ {[%emt 0:00:03]} Kd2 {[%emt 0:00:01]} 47. Rd3+ {[%emt 0:00:02]} Kxc2 {[%emt 0:00:01]} 48. Rxd4 {[%emt 0:00:01]} Kc3 {[%emt 0:00:01]} 49. Rc4+ {[%emt 0:00:02]} Kb2 {[%emt 0:00:02]} 50. Rxb4 {[%emt 0:00:01]} Kxa2 {[%emt 0:00:00]} 51. Rb8 {[%emt 0:00:02]} Kb2 {[%emt 0:00:02]} 52. b4 {[%emt 0:00:01]} Kc3 {[%emt 0:00:03]} 53. b5 {[%emt 0:00:00]} Kc4 {[%emt 0:00:01]} 54. b6 {[%emt 0:00:00]} Kc5 {[%emt 0:00:01]} 55. b7 {[%emt 0:00:01]} Kc6 {[%emt 0:00:01]} 56. Rg8 {[%emt 0:00:05]} Kxb7 {[%emt 0:00:02]} 57. Rxg5 {[%emt 0:00:01]} Kc6 {[%emt 0:00:02]} 58. Rh5 {[%emt 0:00:00]} Kd6 {[%emt 0:00:02]} 59. Rxh4 {[%emt 0:00:00]} Ke5 {[%emt 0:00:02]} 60. Rg4 {[%emt 0:00:02]} Kf5 {[%emt 0:00:01]} 61. Kh2 {[%emt 0:00:03]} Ke5 {[%emt 0:00:01]} 62. Rg3 {[%emt 0:00:02]} Kf4 {[%emt 0:00:02]} 63. h4 {[%emt 0:00:01]} Kf5 {[%emt 0:00:01]} 64. h5 {[%emt 0:00:00]} Kf4 {[%emt 0:00:01]} 65. h6 {[%emt 0:00:00]} Kf5 {[%emt 0:00:01]} 66. h7 {[%emt 0:00:00]} Kf4 {[%emt 0:00:01]} 67. h8=Q {[%emt 0:00:02]} Kf5 {[%emt 0:00:00]} 68. Qf8+ {[%emt 0:00:02]} Ke4 {[%emt 0:00:01]} 69. Rg7 {[%emt 0:00:04]} Ke5 {[%emt 0:00:02]} 70. Re7+ {[%emt 0:00:01]} Kd6 {[%emt 0:00:02]} 71. Qd8+ {[%emt 0:00:00]} Kc6 {[%emt 0:00:02]} 72. Rc7+ {[%emt 0:00:00]} Kb5 {[%emt 0:00:02]} 73. Qb8+ {[%emt 0:00:00]} Ka6 {[%emt 0:00:01]} 74. Ra7# {[%emt 0:00:00] Mate Mate} 1-0

[Event "OeISM Blitz U10 B"]
[Site "austriaU10b"]
[Date "2020.12.11"]
[Round "2"]
[White "CaptainJojo"]
[Black "Davidalaba"]
[Result "0-1"]
[WhiteElo "1620"]
[BlackElo "1398"]
[Annotator "NA RC"]
[PlyCount "34"]
[EventDate "2020.12.11"]
[EventType "blitz"]

1. e4 {[%emt 0:00:03]} e5 {[%emt 0:00:02]} 2. Nf3 {[%emt 0:00:01]} Nc6 {[%emt 0:00:02]} 3. Nc3 {[%emt 0:00:03]} Nf6 {[%emt 0:00:03]} 4. Bb5 {[%emt 0:00:02]} d6 {[%emt 0:00:03]} 5. d3 {[%emt 0:00:03]} g6 {[%emt 0:00:22]} 6. Bg5 {[%emt 0:00:07]} Bg7 {[%emt 0:00:01]} 7. O-O {[%emt 0:00:03]} O-O {[%emt 0:00:06]} 8. Qd2 {[%emt 0:00:05]} Bg4 {[%emt 0:00:06]} 9. Bh6 {[%emt 0:00:15]} Bxf3 {[%emt 0:00:05]} 10. gxf3 {[%emt 0:00:04]} a6 {[%emt 0:00:08]} 11. Ba4 {[%emt 0:00:09]} Re8 {[%emt 0:00:20]} 12. Nd5 {[%emt 0:00:14]} b5 {[%emt 0:00:16]} 13. Nxf6+ {[%emt 0:00:06]} Qxf6 {[%emt 0:00:04]} 14. Bb3 {[%emt 0:00:09]} Qxf3 {[%emt 0:00:06]} 15. Bxg7 {[%emt 0:00:14]} Kxg7 {[%emt 0:00:03]} 16. Qg5 {[%emt 0:00:05]} Nd4 {[%emt 0:00:18]} 17. Bd5 {[%emt 0:00:11]} Ne2# {[%emt 0:00:05] Mate Mate} 0-1

[Event "OeISM Blitz U10 B"]
[Site "austriaU10b"]
[Date "2020.12.11"]
[Round "2"]
[White "Derenick2010"]
[Black "Widder2010"]
[Result "0-1"]
[WhiteElo "1620"]
[BlackElo "1499"]
[Annotator "NA RC"]
[PlyCount "170"]
[EventDate "2020.12.11"]
[EventType "blitz"]

1. e4 {[%emt 0:00:04]} g6 {[%emt 0:00:01]} 2. d4 {[%emt 0:00:02]} Bg7 {[%emt 0:00:02]} 3. Nf3 {[%emt 0:00:02]} e6 {[%emt 0:00:02]} 4. Nc3 {[%emt 0:00:02]} Ne7 {[%emt 0:00:02]} 5. Bc4 {[%emt 0:00:02]} d5 {[%emt 0:00:03]} 6. exd5 {[%emt 0:00:02]} exd5 {[%emt 0:00:01]} 7. Bb5+ {[%emt 0:00:03]} c6 {[%emt 0:00:02]} 8. Bd3 {[%emt 0:00:05]} Bf5 {[%emt 0:00:02]} 9. Bxf5 {[%emt 0:00:02]} Nxf5 {[%emt 0:00:02]} 10. Qe2+ {[%emt 0:00:03]} Qe7 {[%emt 0:00:03]} 11. Qxe7+ {[%emt 0:00:05]} Nxe7 {[%emt 0:00:04]} 12. Bf4 {[%emt 0:00:02]} Nf5 {[%emt 0:00:15]} 13. Bxb8 {[%emt 0:00:04]} Rxb8 {[%emt 0:00:02]} 14. O-O-O {[%emt 0:00:03]} O-O {[%emt 0:00:02]} 15. g4 {[%emt 0:00:04]} Nd6 {[%emt 0:00:05]} 16. Ne5 {[%emt 0:00:07]} Rfe8 {[%emt 0:00:21]} 17. Nd7 {[%emt 0:00:03]} Rbd8 {[%emt 0:00:04]} 18. Nc5 {[%emt 0:00:04]} b6 {[%emt 0:00:06]} 19. Na6 {[%emt 0:00:04]} Ne4 {[%emt 0:00:04]} 20. Nc7 {[%emt 0:00:07]} Re7 {[%emt 0:00:03]} 21. Na6 {[%emt 0:00:09]} Nxc3 {[%emt 0:00:05]} 22. bxc3 {[%emt 0:00:04]} Rde8 {[%emt 0:00:07]} 23. Nb4 {[%emt 0:00:08]} Re2 {[%emt 0:00:20]} 24. Nxc6 {[%emt 0:00:09]} Rxf2 {[%emt 0:00:13]} 25. Nxa7 {[%emt 0:00:02]} Ree2 {[%emt 0:00:11]} 26. Nb5 {[%emt 0:00:10]} Rxc2+ {[%emt 0:00:03]} 27. Kb1 {[%emt 0:00:09]} Rb2+ {[%emt 0:00:03]} 28. Ka1 {[%emt 0:00:01]} Rxb5 {[%emt 0:00:02]} 29. Rhe1 {[%emt 0:00:06]} Rbb2 {[%emt 0:00:07]} 30. Re8+ {[%emt 0:00:03]} Bf8 {[%emt 0:00:02]} 31. Ree1 {[%emt 0:00:07]} Rxa2+ {[%emt 0:00:01]} 32. Kb1 {[%emt 0:00:02]} Rfb2+ {[%emt 0:00:01]} 33. Kc1 {[%emt 0:00:01]} Rb3 {[%emt 0:00:04]} 34. Rd2 {[%emt 0:00:06]} Rxc3+ {[%emt 0:00:04]} 35. Kd1 {[%emt 0:00:03]} Rxd2+ {[%emt 0:00:02]} 36. Kxd2 {[%emt 0:00:02]} Rb3 {[%emt 0:00:02]} 37. Rc1 {[%emt 0:00:07]} Rb2+ {[%emt 0:00:03]} 38. Kd3 {[%emt 0:00:04]} Rxh2 {[%emt 0:00:03]} 39. Rc6 {[%emt 0:00:01]} Rh3+ {[%emt 0:00:01]} 40. Kd2 {[%emt 0:00:04]} Rg3 {[%emt 0:00:01]} 41. Rxb6 {[%emt 0:00:02]} Rxg4 {[%emt 0:00:02]} 42. Rb5 {[%emt 0:00:05]} Rg5 {[%emt 0:00:03]} 43. Kc3 {[%emt 0:00:03]} h5 {[%emt 0:00:02]} 44. Rb2 {[%emt 0:00:05]} h4 {[%emt 0:00:02]} 45. Rh2 {[%emt 0:00:02]} Rh5 {[%emt 0:00:01]} 46. Kd3 {[%emt 0:00:03]} h3 {[%emt 0:00:01]} 47. Ke3 {[%emt 0:00:02]} Bd6 {[%emt 0:00:02]} 48. Rh1 {[%emt 0:00:02]} h2 {[%emt 0:00:02]} 49. Kf3 {[%emt 0:00:05]} Rg5 {[%emt 0:00:01]} 50. Kf2 {[%emt 0:00:04]} Rg1 {[%emt 0:00:03]} 51. Rxg1 {[%emt 0:00:01]} hxg1=Q+ {[%emt 0:00:02]} 52. Kxg1 {[%emt 0:00:01]} Ba3 {[%emt 0:00:02]} 53. Kf2 {[%emt 0:00:01]} Bb2 {[%emt 0:00:01]} 54. Ke3 {[%emt 0:00:01]} Bxd4+ {[%emt 0:00:01]} 55. Kxd4 {[%emt 0:00:01]} Kg7 {[%emt 0:00:01]} 56. Kxd5 {[%emt 0:00:01]} f6 {[%emt 0:00:01]} 57. Ke4 {[%emt 0:00:01]} g5 {[%emt 0:00:02]} 58. Kf5 {[%emt 0:00:02]} Kf7 {[%emt 0:00:01]} 59. Kg4 {[%emt 0:00:02]} Kg6 {[%emt 0:00:01]} 60. Kh3 {[%emt 0:00:02]} f5 {[%emt 0:00:01]} 61. Kg3 {[%emt 0:00:01]} g4 {[%emt 0:00:01]} 62. Kf4 {[%emt 0:00:04]} Kf6 {[%emt 0:00:01]} 63. Kg3 {[%emt 0:00:01]} Kg5 {[%emt 0:00:01]} 64. Kh2 {[%emt 0:00:02]} f4 {[%emt 0:00:01]} 65. Kg2 {[%emt 0:00:02]} g3 {[%emt 0:00:01]} 66. Kf3 {[%emt 0:00:01]} Kf5 {[%emt 0:00:01]} 67. Kg2 {[%emt 0:00:02]} Kg4 {[%emt 0:00:01]} 68. Kh1 {[%emt 0:00:02]} f3 {[%emt 0:00:01]} 69. Kg1 {[%emt 0:00:01]} Kh3 {[%emt 0:00:02]} 70. Kf1 {[%emt 0:00:02]} Kh2 {[%emt 0:00:01]} 71. Ke1 {[%emt 0:00:02]} g2 {[%emt 0:00:01]} 72. Kf2 {[%emt 0:00:01]} g1=Q+ {[%emt 0:00:02]} 73. Kxf3 {[%emt 0:00:01]} Qg5 {[%emt 0:00:02]} 74. Ke4 {[%emt 0:00:01]} Kg3 {[%emt 0:00:02]} 75. Kd3 {[%emt 0:00:02]} Qf4 {[%emt 0:00:01]} 76. Ke2 {[%emt 0:00:01]} Kg2 {[%emt 0:00:02]} 77. Ke1 {[%emt 0:00:01]} Qf3 {[%emt 0:00:01]} 78. Kd2 {[%emt 0:00:01]} Kf2 {[%emt 0:00:02]} 79. Kc1 {[%emt 0:00:01]} Qe2 {[%emt 0:00:01]} 80. Kb1 {[%emt 0:00:01]} Qd2 {[%emt 0:00:01]} 81. Ka1 {[%emt 0:00:01]} Ke3 {[%emt 0:00:01]} 82. Kb1 {[%emt 0:00:01]} Kd4 {[%emt 0:00:01]} 83. Ka1 {[%emt 0:00:01]} Kc4 {[%emt 0:00:01]} 84. Kb1 {[%emt 0:00:01]} Kb3 {[%emt 0:00:01]} 85. Ka1 {[%emt 0:00:01]} Qa2# {[%emt 0:00:01] Mate Mate} 0-1

[Event "OeISM Blitz U10 B"]
[Site "austriaU10b"]
[Date "2020.12.11"]
[Round "2"]
[White "Felix808"]
[Black "NIKO2011"]
[Result "0-1"]
[WhiteElo "1620"]
[BlackElo "1784"]
[Annotator "NA RC"]
[PlyCount "116"]
[EventDate "2020.12.11"]
[EventType "blitz"]

1. e4 {[%emt 0:00:11]} c5 {[%emt 0:00:01]} 2. Nf3 {[%emt 0:00:01]} e6 {[%emt 0:00:01]} 3. Nc3 {[%emt 0:00:02]} a6 {[%emt 0:00:02]} 4. Bc4 {[%emt 0:00:04]} b5 {[%emt 0:00:02]} 5. Be2 {[%emt 0:00:03]} Bb7 {[%emt 0:00:02]} 6. d3 {[%emt 0:00:04]} d6 {[%emt 0:00:07]} 7. Bg5 {[%emt 0:00:06]} Be7 {[%emt 0:00:01]} 8. Bxe7 {[%emt 0:00:02]} Qxe7 {[%emt 0:00:00]} 9. O-O {[%emt 0:00:03]} Nf6 {[%emt 0:00:02]} 10. h3 {[%emt 0:00:02]} O-O {[%emt 0:00:02]} 11. d4 {[%emt 0:00:12]} cxd4 {[%emt 0:00:03]} 12. Nxd4 {[%emt 0:00:02]} Nxe4 {[%emt 0:00:04]} 13. Nxe4 {[%emt 0:00:04]} Bxe4 {[%emt 0:00:00]} 14. Bf3 {[%emt 0:00:02]} Bxf3 {[%emt 0:00:03]} 15. Qxf3 {[%emt 0:00:02]} d5 {[%emt 0:00:01]} 16. Rfe1 {[%emt 0:00:04]} Qd7 {[%emt 0:00:09]} 17. Qg3 {[%emt 0:00:06]} Nc6 {[%emt 0:00:05]} 18. Nf3 {[%emt 0:00:03]} Ne7 {[%emt 0:00:06]} 19. Ne5 {[%emt 0:00:06]} Qc7 {[%emt 0:00:09]} 20. c3 {[%emt 0:00:04]} Nf5 {[%emt 0:00:06]} 21. Qf4 {[%emt 0:00:09]} Rfe8 {[%emt 0:00:06]} 22. Nd3 {[%emt 0:00:21]} Qxf4 {[%emt 0:00:03]} 23. Nxf4 {[%emt 0:00:03]} d4 {[%emt 0:00:03]} 24. cxd4 {[%emt 0:00:02]} Nxd4 {[%emt 0:00:01]} 25. Rad1 {[%emt 0:00:06]} Rad8 {[%emt 0:00:09]} 26. Kh1 {[%emt 0:00:21]} Nf5 {[%emt 0:00:08]} 27. Ne2 {[%emt 0:00:13]} Rd6 {[%emt 0:00:07]} 28. Rxd6 {[%emt 0:00:07]} Nxd6 {[%emt 0:00:01]} 29. Nc3 {[%emt 0:00:10]} Rd8 {[%emt 0:00:19]} 30. Rd1 {[%emt 0:00:35]} Nb7 {[%emt 0:00:03]} 31. Rxd8+ {[%emt 0:00:03]} Nxd8 {[%emt 0:00:00]} 32. Ne4 {[%emt 0:00:01]} Nc6 {[%emt 0:00:04]} 33. Nd6 {[%emt 0:00:01]} Kf8 {[%emt 0:00:03]} 34. Nc8 {[%emt 0:00:03]} Ne5 {[%emt 0:00:08]} 35. Nb6 {[%emt 0:00:02]} Nd3 {[%emt 0:00:02]} 36. f3 {[%emt 0:00:02]} Nxb2 {[%emt 0:00:02]} 37. Nd7+ {[%emt 0:00:01]} Ke7 {[%emt 0:00:02]} 38. Nc5 {[%emt 0:00:02]} a5 {[%emt 0:00:04]} 39. Nb3 {[%emt 0:00:01]} Nc4 {[%emt 0:00:03]} 40. Nd4 {[%emt 0:00:04]} Kd6 {[%emt 0:00:01]} 41. Nxb5+ {[%emt 0:00:03]} Kc5 {[%emt 0:00:01]} 42. Nc3 {[%emt 0:00:01]} Kb4 {[%emt 0:00:02]} 43. Nd1 {[%emt 0:00:03]} Ka3 {[%emt 0:00:03]} 44. Nc3 {[%emt 0:00:01]} Ne5 {[%emt 0:00:08]} 45. f4 {[%emt 0:00:08]} Nd3 {[%emt 0:00:02]} 46. g4 {[%emt 0:00:04]} Nxf4 {[%emt 0:00:02]} 47. Kh2 {[%emt 0:00:06]} Nd3 {[%emt 0:00:01]} 48. g5 {[%emt 0:00:02]} Nb4 {[%emt 0:00:02]} 49. h4 {[%emt 0:00:03]} Nxa2 {[%emt 0:00:01]} 50. Nxa2 {[%emt 0:00:03]} Kxa2 {[%emt 0:00:00]} 51. Kg3 {[%emt 0:00:01]} Kb3 {[%emt 0:00:01]} 52. Kf4 {[%emt 0:00:00]} a4 {[%emt 0:00:00]} 53. Ke5 {[%emt 0:00:01]} a3 {[%emt 0:00:00]} 54. Kd6 {[%emt 0:00:02]} a2 {[%emt 0:00:01]} 55. Ke7 {[%emt 0:00:01]} a1=Q {[%emt 0:00:00]} 56. Kxf7 {[%emt 0:00:01]} Qf1+ {[%emt 0:00:01]} 57. Kxg7 {[%emt 0:00:01]} Qf5 {[%emt 0:00:03]} 58. Kh6 {[%emt 0:00:05]} Qg6# {[%emt 0:00:02] Mate Mate} 0-1

[Event "OeISM Blitz U10 B"]
[Site "austriaU10b"]
[Date "2020.12.11"]
[Round "2"]
[White "Max003"]
[Black "Hamino10"]
[Result "0-1"]
[WhiteElo "1620"]
[BlackElo "1566"]
[Annotator "NA RC"]
[PlyCount "148"]
[EventDate "2020.12.11"]
[EventType "blitz"]

1. d4 {[%emt 0:00:05]} d5 {[%emt 0:00:03]} 2. Bf4 {[%emt 0:00:02]} Nf6 {[%emt 0:00:04]} 3. e3 {[%emt 0:00:02]} Nc6 {[%emt 0:00:02]} 4. c3 {[%emt 0:00:02]} Bg4 {[%emt 0:00:03]} 5. Be2 {[%emt 0:00:09]} Bf5 {[%emt 0:00:01]} 6. Bf3 {[%emt 0:00:07]} Bxb1 {[%emt 0:00:03]} 7. Qxb1 {[%emt 0:00:03]} Qd7 {[%emt 0:00:02]} 8. h3 {[%emt 0:00:03]} O-O-O {[%emt 0:00:03]} 9. Bg5 {[%emt 0:00:05]} e6 {[%emt 0:00:13]} 10. Bxf6 {[%emt 0:00:04]} gxf6 {[%emt 0:00:00]} 11. Ne2 {[%emt 0:00:04]} Be7 {[%emt 0:00:03]} 12. Qc2 {[%emt 0:00:09]} f5 {[%emt 0:00:03]} 13. g4 {[%emt 0:00:04]} fxg4 {[%emt 0:00:03]} 14. hxg4 {[%emt 0:00:02]} Rhg8 {[%emt 0:00:02]} 15. O-O-O {[%emt 0:00:03]} Rg7 {[%emt 0:00:04]} 16. Kb1 {[%emt 0:00:04]} a6 {[%emt 0:00:02]} 17. Rdf1 {[%emt 0:00:08]} Bg5 {[%emt 0:00:04]} 18. Rfg1 {[%emt 0:00:00]} h6 {[%emt 0:00:05]} 19. Nc1 {[%emt 0:00:07]} f6 {[%emt 0:00:04]} 20. Be2 {[%emt 0:00:04]} Qd6 {[%emt 0:00:07]} 21. f4 {[%emt 0:00:03]} Rdg8 {[%emt 0:00:09]} 22. fxg5 {[%emt 0:00:03]} Rxg5 {[%emt 0:00:04]} 23. Rf1 {[%emt 0:00:02]} f5 {[%emt 0:00:03]} 24. gxf5 {[%emt 0:00:03]} exf5 {[%emt 0:00:04]} 25. Rxf5 {[%emt 0:00:03]} Rxf5 {[%emt 0:00:01]} 26. Qxf5+ {[%emt 0:00:02]} Kb8 {[%emt 0:00:05]} 27. Qc2 {[%emt 0:00:11]} Rh8 {[%emt 0:00:11]} 28. Bd3 {[%emt 0:00:02]} h5 {[%emt 0:00:02]} 29. Bh7 {[%emt 0:00:05]} Qh6 {[%emt 0:00:10]} 30. Bf5 {[%emt 0:00:05]} Qxe3 {[%emt 0:00:08]} 31. Bd3 {[%emt 0:00:09]} Qf3 {[%emt 0:00:05]} 32. Rd1 {[%emt 0:00:06]} h4 {[%emt 0:00:03]} 33. Qh2 {[%emt 0:00:10]} h3 {[%emt 0:00:04]} 34. Rf1 {[%emt 0:00:04]} Qg2 {[%emt 0:00:02]} 35. Qxg2 {[%emt 0:00:04]} hxg2 {[%emt 0:00:00]} 36. Rg1 {[%emt 0:00:02]} Rg8 {[%emt 0:00:03]} 37. Ne2 {[%emt 0:00:03]} Ne7 {[%emt 0:00:04]} 38. Nf4 {[%emt 0:00:02]} Rg4 {[%emt 0:00:15]} 39. Nxg2 {[%emt 0:00:09]} Rg3 {[%emt 0:00:11]} 40. Bh7 {[%emt 0:00:08]} Ng6 {[%emt 0:00:08]} 41. a3 {[%emt 0:00:09]} Nh4 {[%emt 0:00:10]} 42. Rf1 {[%emt 0:00:13]} Nxg2 {[%emt 0:00:04]} 43. Rf8+ {[%emt 0:00:02]} Ka7 {[%emt 0:00:02]} 44. b4 {[%emt 0:00:03]} Ne3 {[%emt 0:00:03]} 45. a4 {[%emt 0:00:05]} Rg1+ {[%emt 0:00:02]} 46. Kb2 {[%emt 0:00:03]} Nd1+ {[%emt 0:00:03]} 47. Kb3 {[%emt 0:00:03]} Rg2 {[%emt 0:00:04]} 48. Rf7 {[%emt 0:00:11]} Rb2+ {[%emt 0:00:02]} 49. Ka3 {[%emt 0:00:04]} Rb1 {[%emt 0:00:05]} 50. Rxc7 {[%emt 0:00:06]} Nxc3 {[%emt 0:00:05]} 51. Rxc3 {[%emt 0:00:07]} Ra1+ {[%emt 0:00:04]} 52. Kb2 {[%emt 0:00:02]} Rh1 {[%emt 0:00:01]} 53. Bg8 {[%emt 0:00:05]} Rh2+ {[%emt 0:00:02]} 54. Kb3 {[%emt 0:00:04]} Rh8 {[%emt 0:00:02]} 55. Bxd5 {[%emt 0:00:03]} Rd8 {[%emt 0:00:02]} 56. Kc4 {[%emt 0:00:11]} b6 {[%emt 0:00:02]} 57. Re3 {[%emt 0:00:08]} Rc8+ {[%emt 0:00:02]} 58. Kd3 {[%emt 0:00:03]} Rd8 {[%emt 0:00:04]} 59. Re7+ {[%emt 0:00:02]} Kb8 {[%emt 0:00:04]} 60. Rb7+ {[%emt 0:00:02]} Kc8 {[%emt 0:00:02]} 61. Kc4 {[%emt 0:00:06]} Rd7 {[%emt 0:00:03]} 62. Rxd7 {[%emt 0:00:03]} Kxd7 {[%emt 0:00:01]} 63. b5 {[%emt 0:00:03]} a5 {[%emt 0:00:01]} 64. Kd3 {[%emt 0:00:05]} Kd6 {[%emt 0:00:01]} 65. Ke4 {[%emt 0:00:02]} Ke7 {[%emt 0:00:03]} 66. Bc4 {[%emt 0:00:02]} Kd6 {[%emt 0:00:01]} 67. d5 {[%emt 0:00:02]} Kc5 {[%emt 0:00:03]} 68. Ke5 {[%emt 0:00:04]} Kxc4 {[%emt 0:00:02]} 69. d6 {[%emt 0:00:01]} Kb4 {[%emt 0:00:02]} 70. d7 {[%emt 0:00:01]} Kxa4 {[%emt 0:00:01]} 71. d8=Q {[%emt 0:00:02]} Kxb5 {[%emt 0:00:01]} 72. Qd5+ {[%emt 0:00:02]} Ka6 {[%emt 0:00:01]} 73. Qa8+ {[%emt 0:00:04]} Kb5 {[%emt 0:00:01]} 74. Kd4 {[%emt 0:00:04] .} Kb4 {[%emt 0:00:02] TimeW} 0-1